euroRegióny magazín pre rozvoj regiónov

Na minha lista:
Detalhes bibliográficos
Formato: Periódico
Idioma:eslovaco
Publicado em: Bratislava ERA OZ 2006
Assuntos:
Tags: Adicionar Tag
Sem tags, seja o primeiro a adicionar uma tag!

MARC

LEADER 00000nas2a2200000$$$4500
001 0109403
005 20100127132614.5
022 |a 1336-605X 
041 0 |a slo 
044 |a SK 
245 1 0 |a euroRegióny  |b magazín pre rozvoj regiónov 
264 1 |a Bratislava  |b ERA OZ  |c 2006 
773 0 |w eu_un_cat*0024916 
610 2 0 |a rozvoj regionálny 
610 2 0 |a regióny 
610 2 0 |a správa miestna